000 00688nam a2200265Ia 4500
005 20260121171839.0
008 008 260114s9999 xx 000 0 eng d
020 _a9789811541827
037 _aEBOOK
040 _aCRL
040 _beng
040 _cCRL
041 _2eng
041 _aeng
084 _qCRL
100 _aYong'an Ren, Xianyang Lu
_91081178
245 2 _aA New Study on the Judicial Administrative System with Chinese Characteristics
260 _bSpringer
260 _bSpringer
260 _c2020
856 _uhttps://link.springer.com/openurl?genre=book&isbn=978-981-15-4182-7
942 _cEBOOK
999 _c1646911
_d1646911